| 000 | 01504nam a2200373 a 4500 | ||
|---|---|---|---|
| 001 | ebr10551924 | ||
| 003 | CaPaEBR | ||
| 006 | m u | ||
| 007 | cr cn||||||||| | ||
| 008 | 111117s2012 nyu sb 000 0 eng d | ||
| 010 | _z 2011046964 | ||
| 020 | _z9781433118517 (hbk. alk. paper) | ||
| 020 | _z9781453905500 (e-book) | ||
| 040 |
_aCaPaEBR _cCaPaEBR |
||
| 035 | _a(OCoLC)793730233 | ||
| 043 |
_ae-po--- _ae-sp--- |
||
| 050 | 1 | 4 |
_aHQ76.3.I155 _bQ44 2012eb |
| 082 | 0 | 4 |
_a306.76010946 _223 |
| 245 | 0 | 0 |
_aQueering Iberia _h[electronic resource] : _bIberian masculinities at the margins / _cedited by Josep M. Armengol-Carrera. |
| 260 |
_aNew York : _bPeter Lang, _cc2012. |
||
| 300 | _a135 p. | ||
| 490 | 1 |
_aMasculinity studies : literary and cultural representations, _x2161-2692 ; _vv. 2 |
|
| 504 | _aIncludes bibliographical references. | ||
| 533 |
_aElectronic reproduction. _bPalo Alto, Calif. : _cebrary, _d2011. _nAvailable via World Wide Web. _nAccess may be limited to ebrary affiliated libraries. |
||
| 650 | 0 |
_aQueer theory _zIberian Peninsula. |
|
| 650 | 0 |
_aMasculinity _zIberian Peninsula. |
|
| 650 | 0 |
_aMachismo _zIberian Peninsula. |
|
| 651 | 0 |
_aIberian Peninsula _xCivilization. |
|
| 655 | 7 |
_aElectronic books. _2local |
|
| 700 | 1 |
_aArmengol, Josep M., _d1976- |
|
| 710 | 2 | _aebrary, Inc. | |
| 830 | 0 |
_aMasculinity studies ; _vv. 2. |
|
| 856 | 4 | 0 |
_uhttp://site.ebrary.com/lib/rucke/Doc?id=10551924 _zAn electronic book accessible through the World Wide Web; click to view |
| 999 |
_c92386 _d92386 |
||